Ultimate Harry Potter Multiple Choice Quiz - Statistics

General Stats
  • This quiz has been taken 616 times
  • The average score is 5 of 7
Answer Stats
Question Answer % Correct
Who tortures Neville in The Order of The Phoenix? Bellatrix Lestrange
89%
What is the name of the house elf belonging to Sirius? Kreacher
87%
What form did Hermione's boggart take? McGonagall telling her she had failed her exam
87%
Which fruit should you tickle in order to enter the Hogwarts kitchen? pear
76%
What is the best series of books ever written? HARRY POTTER
74%
Why was Sirius Black imprisoned? He killed many people and followed Voldemort
61%
What are the creatures that Hagrid breeds for the last task in the Goblet of Fire? Blast Ended Skrewts
59%
No matching quizzes found
Score Distribution
Percent of People with Each Score
Percentile by Number Answered
Your Score History
You have not taken this quiz